000 00587nam a2200193Ia 4500
999 _c3595
_d3595
003 OSt
005 20200813103227.0
008 190216s9999||||xx |||||||||||||| ||und||
020 _a9788126511525
040 _coclc
082 _a547
_bSOL/S
100 _aSolomons, T W Graham
_94059
245 0 _aStudy Guide and Solutions Manual Organic Chemistry /
_cT W Graham Solomons ; Craig B Fryhle ; R G Johnson
250 _a8th Ed.
260 _bWiley Students,
_c2009.
_aDelhi:
300 _a621p
650 _aChemistry
942 _cBK
_2ddc
_h547
_iSOL/S
_k547
_mSOL/S